000 00696 a2200217 4500
001 54632
005 20260407155821.0
008 260407a1973 arg spa d
003 AR-UNSa-BCEJYS
040 _aAR-UNSa-BCEJYS
_bspa
_cAR-UNSa-BCEJYS
080 _a349.2(094.5)
_x(Legislación del trabajo (Legislación laboral, contrato de trabajo,procedimiento laboral,riesgo laboral etc.))
245 1 0 _aCódigo del trabajo
_panotado
250 _a5a. ed.
264 1 _aBuenos Aires :
_bEdiciones Depalma
_c1973
300 _axxxii, 1291 p.
_c23 cm.
041 _aspa
942 _cBK
590 _aniveau_biblio:m niveau_hierar:0
100 1 _aKrotoschin, Ernesto
700 1 _aRatti, Jorge A.F.
999 _c5706
_d5706